Ils ont chanté les couleurs - Statistiques

Statistiques générales
  • Ce quiz a été pris 43 fois
  • Le résultat moyen est 5 sur 16
Statistiques - réponses
Chanson Artiste/Groupe % Correct
La Vie en rose Édith Piaf
98%
Yellow Submarine The Beatles
86%
Le Paradis blanc Michel Berger
79%
Les mots bleus Christophe
76%
L'Orange (techniquement c'est le fruit) Gilbert Bécaud
33%
Yellow Coldplay
31%
White Flag Dido
19%
Goodbye Yellow Brick Road Elton John
19%
Rouge Michel Sardou
19%
Purple Haze Jimi Hendrix
17%
Golden Brown The Stranglers
12%
Black and Yellow Wiz Khalifa
12%
Welcome to the Black Parade My Chemical Romance
7%
Gris Vald
5%
Mr. Blue Sky Electric Light Orchestra
2%
Green Is The Colour Pink Floyd
0%
Aucun quiz correspondant
Distribution des résultats
% des personnes avec chaque résultat
Percentile par nombre de réponses
Votre historique - résultats
Vous n’avez pas pris ce quiz